Statistiken für Satellitenbilder #4

Klicken Sie hier um das Quiz zu spielen!

Allgemein

  • Dieses Quiz wurde 2.189 mal gespielt
  • Das Durchschnittsergebnis liegt bei 9 aus 17

Antwortstatistiken

Antwort% Korrekt
Alaska
94%
Irland
92%
Skandinavien
92%
Dubai
89%
Ärmelkanal
69%
Korsika
47%
Kanarische Inseln
46%
Krim
45%
Hispaniola
42%
Yucatán
42%
Michigansee
40%
Wales
39%
Hokkaido
32%
Kamtschatka
29%
Falklandinseln
27%
Viktoriasee
24%
Großer Bärensee
10%

Verteilung der Resultate

Perzentil nach korrekt beantworteten Fragen

Anzahl Personen mit jedem Resultat

Ihre Resultats-Entwicklung

Sie haben dieses Quiz noch nicht gespielt